[Event "GER-ch Net qual2 U18"]
[Site "Playchess.com INT"]
[Date "2008.06.04"]
[Round "5"]
[White "Hentze, Markus"]
[Black "Sanning, Nico"]
[Result "0-1"]
[WhiteElo "1932"]
[BlackElo "1899"]
[PlyCount "112"]
[EventDate "2008.06.04"]
[EventType "swiss (blitz)"]
[EventRounds "7"]
[EventCountry "GER"]
[SourceTitle "CBM 124 Extra"]
[Source "ChessBase"]
[SourceDate "2008.07.03"]
[SourceVersion "1"]
[SourceVersionDate "2008.07.03"]
[SourceQuality "1"]

1. e4 c5 2. Nf3 d6 3. Bb5+ Nd7 4. Bxd7+ Bxd7 5. c4 Bc6 6. Nc3 Nf6 7. d3 e6 8. 0-0 Be7 9. b3 d5 10. exd5 exd5 11. Bg5 d4 12. Nb1 0-0 13. Nbd2 h6 14. Bh4 Qc7 15. Bg3 Bd6 16. Qc2 Rae8 17. Rae1 a5 18. a4 b6 19. Bxd6 Qxd6 20. Qd1 Re7 21. Rxe7 Qxe7 22. Re1 Qd7 23. Qe2 Re8 24. Qf1 Kf8 25. Rxe8+ Qxe8 26. Qe1 Qxe1+ 27. Nxe1 Ke7 28. f3 Ke6 29. Kf2 Nd7 30. Ne4 f5 31. Ng3 Ne5 32. Ke2 Ng6 33. Nh5 Kf7 34. g3 Ne7 35. Nf4 g5 36. Nfg2 Ke6 37. f4 Ng6 38. fxg5 hxg5 39. Kf2 f4 40. gxf4 gxf4 41. h4 Kf5 42. Nf3 Bxf3 43. Kxf3 Ne5+ 44. Kf2 Nxd3+ 45. Kf3 Ne5+ 46. Kf2 f3 47. Ne1 Kf4 48. h5 Ng4+ 49. Kf1 f2 50. Nd3+ Kg5 51. h6 Kxh6 52. Nf4 Kg5 53. Nd5 Kf5 54. Nxb6 Kf4 55. Nd5+ Kf3 56. Nc7 Ne3# 0-1

[Event "GER-ch Net qual2 U18"]
[Site "Playchess.com INT"]
[Date "2008.06.04"]
[Round "6"]
[White "Sanning, Nico"]
[Black "Laubert, Johannes"]
[Result "1-0"]
[WhiteElo "1899"]
[BlackElo "2031"]
[PlyCount "99"]
[EventDate "2008.06.04"]
[EventType "swiss (blitz)"]
[EventRounds "7"]
[EventCountry "GER"]
[SourceTitle "CBM 124 Extra"]
[Source "ChessBase"]
[SourceDate "2008.07.03"]
[SourceVersion "1"]
[SourceVersionDate "2008.07.03"]
[SourceQuality "1"]

1. e4 e6 2. Nf3 d5 3. e5 b6 4. a3 c5 5. b4 Qd7 6. c3 Ba6 7. d3 Ne7 8. h4 Bb7 9. h5 h6 10. d4 c4 11. a4 Nbc6 12. Be2 a5 13. b5 Na7 14. Nh4 0-0-0 15. f4 Kb8 16. Qc2 Ka8 17. g4 Rg8 18. f5 f6 19. Bf4 Nac8 20. Nd2 fxe5 21. Bxe5 Nd6 22. Rf1 exf5 23. gxf5 Bc8 24. Bg4 Nf7 25. Ndf3 Bb7 26. Qe2 Nc8 27. Qg2 Qe8 28. Kd2 Ncd6 29. Kc2 Ne4 30. Nd2 Nxd2 31. Kxd2 Nxe5 32. Rae1 Qe7 33. f6 gxf6 34. Ng6 Nxg6 35. Rxe7 Nxe7 36. Rxf6 Bc8 37. Rf4 Bxg4 38. Rxg4 Rxg4 39. Qxg4 Kb7 40. Qe6 Kc7 41. Qe5+ Kd7 42. Qf6 Ke8 43. Qxb6 Nf5 44. Qg6+ Ke7 45. Qxf5 Bg7 46. b6 Bf6 47. b7 Bg5+ 48. Kc2 Rb8 49. Qxd5 Kf6 50. Qd6+ 1-0

[Event "GER-ch Net qual2 U18"]
[Site "Playchess.com INT"]
[Date "2008.06.04"]
[Round "7"]
[White "Sanning, Nico"]
[Black "Rudolf, Sebastian"]
[Result "1-0"]
[WhiteElo "1899"]
[BlackElo "2123"]
[PlyCount "125"]
[EventDate "2008.06.04"]
[EventType "swiss (blitz)"]
[EventRounds "7"]
[EventCountry "GER"]
[SourceTitle "CBM 124 Extra"]
[Source "ChessBase"]
[SourceDate "2008.07.03"]
[SourceVersion "1"]
[SourceVersionDate "2008.07.03"]
[SourceQuality "1"]

1. e4 c5 2. Nc3 Nc6 3. f4 g6 4. Nf3 Bg7 5. Bc4 e6 6. 0-0 Nge7 7. Qe1 0-0 8. d3 Nd4 9. Nxd4 cxd4 10. Ne2 Nc6 11. Ng3 Na5 12. Bb3 Nxb3 13. axb3 f5 14. Bd2 d6 15. exf5 gxf5 16. Nh5 Rf7 17. Rf3 Kh8 18. Rg3 Qe7 19. c3 a6 20. Kh1 Bd7 21. cxd4 Bc6 22. Bc3 Bd5 23. b4 Rg8 24. Qe2 Rff8 25. Re1 Bh6 26. Qf2 Rxg3 27. Nxg3 Qh4 28. Bd2 Rg8 29. Kg1 Bg7 30. Bc3 Bf6 31. Re3 Rg4 32. Re1 Rxf4 33. Qd2 Rg4 34. b5 Bg5 35. Qd1 axb5 36. Rxe6 Bxe6 37. d5+ Bf6 38. dxe6 Bxc3 39. bxc3 Qf6 40. Qb3 Rg6 41. Qxb5 Qxe6 42. Qxb7 Qe1+ 43. Nf1 Qe5 44. d4 Qe4 45. Qxe4 fxe4 46. Kf2 Kg7 47. Ne3 Rf6+ 48. Ke2 Kf7 49. Nd5 Rh6 50. h3 Ke6 51. Nf4+ Kf5 52. Ke3 Rh4 53. g4+ Kg5 54. Kxe4 Rh6 55. Kf3 Rf6 56. Kg3 Rxf4 57. h4+ Kf6 58. Kxf4 Ke6 59. Ke4 d5+ 60. Kf4 Kd6 61. g5 Kc6 62. Ke5 Kb5 63. Kxd5 1-0

[Event "GER-ch Net qual1 U18"]
[Site "Playchess.com INT"]
[Date "2008.06.01"]
[Round "1"]
[White "Ludwig, Jan"]
[Black "Sanning, Nico"]
[Result "1-0"]
[WhiteElo "1877"]
[BlackElo "1899"]
[PlyCount "51"]
[EventDate "2008.06.01"]
[EventType "swiss (blitz)"]
[EventRounds "7"]
[EventCountry "GER"]
[SourceTitle "CBM 124 Extra"]
[Source "ChessBase"]
[SourceDate "2008.07.03"]
[SourceVersion "1"]
[SourceVersionDate "2008.07.03"]
[SourceQuality "1"]

1. e4 e6 2. d4 d5 3. e5 c5 4. Qg4 cxd4 5. Nf3 Nc6 6. Bd3 Qc7 7. 0-0 Bd7 8. Re1 Nge7 9. a3 a5 10. c3 dxc3 11. Nxc3 Ng6 12. Nb5 Qd8 13. Bg5 Qb6 14. Qg3 Nd8 15. Be3 Bc5 16. Bxc5 Qxc5 17. Rac1 Qb6 18. Nc7+ Ke7 19. Nxa8 Qxb2 20. Bxg6 hxg6 21. Qg5+ f6 22. Qxg6 Rg8 23. Rc2 Qb5 24. exf6+ Kf8 25. Ng5 Be8 26. Nh7# 1-0

[Event "GER-ch Net qual1 U18"]
[Site "Playchess.com INT"]
[Date "2008.06.01"]
[Round "5"]
[White "Torwelle, Marcel"]
[Black "Sanning, Nico"]
[Result "0-1"]
[WhiteElo "1838"]
[BlackElo "1899"]
[PlyCount "76"]
[EventDate "2008.06.01"]
[EventType "swiss (blitz)"]
[EventRounds "7"]
[EventCountry "GER"]
[SourceTitle "CBM 124 Extra"]
[Source "ChessBase"]
[SourceDate "2008.07.03"]
[SourceVersion "1"]
[SourceVersionDate "2008.07.03"]
[SourceQuality "1"]

1. Nf3 e6 2. g3 b5 3. Bg2 Bb7 4. 0-0 Nf6 5. c3 c5 6. d4 d5 7. a3 Nbd7 8. b4 cxb4 9. cxb4 Nb6 10. Nc3 a6 11. Rb1 Rc8 12. Bd2 Nc4 13. a4 Bc6 14. Ne5 Bd7 15. e4 dxe4 16. Nxe4 Be7 17. Nc5 0-0 18. Nxa6 bxa4 19. Nc5 Bxc5 20. dxc5 Nxe5 21. Bc3 Ng6 22. b5 Nd5 23. Bd4 Rb8 24. c6 Be8 25. Ba7 Ra8 26. b6 Bxc6 27. Qc2 Bb7 28. Rfc1 Nge7 29. Qxa4 Qd6 30. Qd4 Nc6 31. Qd1 Nxa7 32. bxa7 Rxa7 33. Qb3 Rb8 34. Rc2 h6 35. Rcb2 Ra3 36. Qb5 Nc3 37. Rc1 Nxb5 38. Rxb5 Bxg2 0-1

[Event "Niedersachsen-chT U14"]
[Site "Verden"]
[Date "2006.05.26"]
[Round "4.2"]
[White "Sanning, Nico"]
[Black "Stuehmeier, Chris"]
[Result "1-0"]
[WhiteElo "1520"]
[BlackElo "1734"]
[PlyCount "45"]
[EventDate "2006.05.25"]
[EventType "team"]
[EventRounds "7"]
[EventCountry "GER"]
[SourceTitle "EXT 2007"]
[Source "ChessBase"]
[SourceDate "2006.11.23"]
[SourceVersion "1"]
[SourceVersionDate "2006.11.23"]
[SourceQuality "1"]

1. e4 d5 2. exd5 Qxd5 3. Nc3 Qd8 4. Bc4 g6 5. d3 Bg7 6. Nf3 Nh6 7. Bf4 c6 8. Qd2 Nf5 9. Be5 0-0 10. Bxg7 Kxg7 11. Ne4 Nd6 12. Qc3+ Kg8 13. Rd1 Bg4 14. Neg5 Bxf3 15. Nxf3 Nd7 16. 0-0 Nf6 17. Rfe1 Rc8 18. Qe5 Rc7 19. Bb3 Nc8 20. Ng5 Qd6 21. Qe3 Qd7 22. Ne6 Re8 23. Qh6 1-0

[Event "GER-chT U16"]
[Site "Berlin"]
[Date "2005.12.30"]
[Round "7.4"]
[White "Sanning, Nico"]
[Black "Meise, Leonard"]
[Result "0-1"]
[WhiteElo "1609"]
[BlackElo "1862"]
[PlyCount "110"]
[EventDate "2005.12.27"]
[EventType "team-swiss"]
[EventRounds "7"]
[EventCountry "GER"]
[SourceTitle "EXT 2022"]
[Source "ChessBase"]
[SourceDate "2021.10.06"]
[SourceVersion "1"]
[SourceVersionDate "2021.10.06"]
[SourceQuality "1"]
[WhiteTeam "Nordhorn Blanke U16"]
[BlackTeam "Hamburger SK U16"]
[WhiteTeamCountry "GER"]
[BlackTeamCountry "GER"]

1. e4 c5 2. Nc3 Nc6 3. f4 g6 4. Bc4 Bg7 5. Nf3 e6 6. e5 Na5 7. Be2 d5 8. d4 b6 9. 0-0 Ne7 10. g4 a6 11. Be3 Nb7 12. a4 Qc7 13. Qe1 Bd7 14. Bd3 h5 15. g5 0-0 16. Nh4 cxd4 17. Bxd4 Nc5 18. Be2 Ne4 19. Nxe4 dxe4 20. Qd1 Nf5 21. Nxf5 exf5 22. c3 Qc6 23. b4 b5 24. a5 Be6 25. Rc1 Rfd8 26. Qd2 Bc4 27. Rfe1 Rd5 28. Bxc4 bxc4 29. Qb2 Rad8 30. Red1 Bf8 31. Kf2 Qb7 32. Ke3 Rxa5 33. Rd2 Ra4 34. Ra1 Rxa1 35. Qxa1 Be7 36. h4 Kf8 37. Qa5 Rd5 38. Qb6 Qxb6 39. Bxb6 Rxd2 40. Kxd2 Ke8 41. Ke3 Kd7 42. Kd4 Kc6 43. Ba5 Kb5 44. Bc7 Bxb4 45. cxb4 Kxb4 46. Bb6 c3 47. Kd5 c2 48. Be3 Kc3 49. Kd6 Kd3 50. Bc1 e3 51. Ke7 e2 52. Kxf7 e1Q 53. Kxg6 Qxc1 54. Kxf5 Qa3 55. e6 c1Q 0-1

[Event "Hengelo U16 op"]
[Site "Hengelo"]
[Date "2005.08.12"]
[Round "8"]
[White "Lauwers, Jasper"]
[Black "Sanning, Nico"]
[Result "1-0"]
[WhiteElo "1616"]
[BlackElo "1442"]
[PlyCount "91"]
[EventDate "2005.08.??"]
[EventType "swiss"]
[EventRounds "9"]
[EventCountry "NED"]
[SourceTitle "CBM 107 Extra"]
[Source "ChessBase"]
[SourceDate "2005.09.01"]
[SourceVersion "1"]
[SourceVersionDate "2005.09.01"]
[SourceQuality "1"]

1. e4 e6 2. d4 d5 3. e5 c5 4. c3 Nc6 5. Nf3 f6 6. Bd3 cxd4 7. cxd4 fxe5 8. Nxe5 Nf6 9. Be3 Bd6 10. f4 0-0 11. 0-0 Qb6 12. Qd2 Nb4 13. Nc3 Nxd3 14. Nxd3 Ng4 15. Rf3 Bd7 16. Rg3 Nxe3 17. Qxe3 Rae8 18. Rf1 Bc6 19. Rff3 Kh8 20. Rg4 Re7 21. Rh3 Be8 22. b3 Rf6 23. Ne5 Bxe5 24. Qxe5 Rf5 25. Qe3 Rc7 26. Rgh4 Bg6 27. Rg3 Kg8 28. Rhh3 a6 29. Rf3 Qd6 30. Rf1 b6 31. Rhf3 Rcf7 32. Na4 R5f6 33. Qe5 Qd8 34. Rc3 Be4 35. Rc6 Bd3 36. Rf2 Bb5 37. Rxb6 Qd7 38. Rb8+ Rf8 39. Rxf8+ Kxf8 40. Nc5 Qc6 41. Qb8+ Kf7 42. Qb7+ Qxb7 43. Nxb7 Ke7 44. g3 Kd7 45. a4 Bd3 46. Nc5+ 1-0

[Event "Hengelo U16 op"]
[Site "Hengelo"]
[Date "2005.08.11"]
[Round "6"]
[White "Belle, Prahlada"]
[Black "Sanning, Nico"]
[Result "0-1"]
[WhiteElo "1632"]
[BlackElo "1442"]
[PlyCount "48"]
[EventDate "2005.08.??"]
[EventType "swiss"]
[EventRounds "9"]
[EventCountry "NED"]
[SourceTitle "CBM 107 Extra"]
[Source "ChessBase"]
[SourceDate "2005.09.01"]
[SourceVersion "1"]
[SourceVersionDate "2005.09.01"]
[SourceQuality "1"]

1. e4 e6 2. d4 d5 3. e5 c5 4. c3 Nc6 5. Nf3 f6 6. exf6 Nxf6 7. Bd3 cxd4 8. cxd4 Bd6 9. 0-0 0-0 10. Nc3 e5 11. dxe5 Nxe5 12. Nd4 Nfg4 13. g3 Nxd3 14. Qxd3 Ne5 15. Qd1 Bh3 16. Re1 Ng4 17. Be3 Nxe3 18. Rxe3 Bc5 19. Rd3 Qf6 20. Qd2 Bxd4 21. Nxd5 Bxf2+ 22. Kh1 Qd6 23. Rc1 Bf5 24. Rd4 Qxd5+ 0-1

[Event "Hengelo U16 op"]
[Site "Hengelo"]
[Date "2005.08.10"]
[Round "4"]
[White "Ramackers, Wiro"]
[Black "Sanning, Nico"]
[Result "0-1"]
[WhiteElo "1199"]
[BlackElo "1442"]
[PlyCount "108"]
[EventDate "2005.08.??"]
[EventType "swiss"]
[EventRounds "9"]
[EventCountry "NED"]
[SourceTitle "CBM 107 Extra"]
[Source "ChessBase"]
[SourceDate "2005.09.01"]
[SourceVersion "1"]
[SourceVersionDate "2005.09.01"]
[SourceQuality "1"]

1. d4 Nf6 2. c4 g6 3. Nc3 d5 4. Nf3 Bg7 5. cxd5 Nxd5 6. e4 Nxc3 7. bxc3 0-0 8. Be2 c5 9. 0-0 Bg4 10. Be3 Qa5 11. Qb3 Qc7 12. Rad1 Nc6 13. Rfe1 e6 14. d5 exd5 15. exd5 Ne5 16. Nxe5 Bxe2 17. Rxe2 Bxe5 18. g3 c4 19. Qa3 b5 20. f4 Bd6 21. Qb2 a6 22. Rb1 Rfe8 23. Kf1 Bc5 24. Bxc5 Qxc5 25. Rxe8+ Rxe8 26. Qd2 Re3 27. Rd1 Rd3 28. Qe2 Qxd5 29. Rxd3 Qh1+ 30. Kf2 Qxh2+ 31. Kf3 Qh5+ 32. Ke3 Qxe2+ 33. Kxe2 cxd3+ 34. Kxd3 Kf8 35. Kd4 Ke7 36. Kc5 Ke6 37. c4 bxc4 38. Kxc4 Kd6 39. Kb4 Kc6 40. Ka5 Kb7 41. Kb4 f5 42. Kc5 Kc7 43. Kd5 Kd7 44. Kc5 h6 45. Kb6 g5 46. Kxa6 gxf4 47. gxf4 h5 48. Kb6 h4 49. a4 h3 50. a5 h2 51. a6 h1Q 52. a7 Kd6 53. Ka6 Qa8 54. Kb6 Kd5 0-1

[Event "Hengelo U16 op"]
[Site "Hengelo"]
[Date "2005.08.08"]
[Round "1"]
[White "Sanning, Nico"]
[Black "Broekmeulen, Joris"]
[Result "0-1"]
[WhiteElo "1442"]
[BlackElo "1753"]
[PlyCount "98"]
[EventDate "2005.08.??"]
[EventType "swiss"]
[EventRounds "9"]
[EventCountry "NED"]
[SourceTitle "CBM 107 Extra"]
[Source "ChessBase"]
[SourceDate "2005.09.01"]
[SourceVersion "1"]
[SourceVersionDate "2005.09.01"]
[SourceQuality "1"]

1. e4 c5 2. c3 e6 3. d4 cxd4 4. cxd4 d6 5. Nf3 Nf6 6. Nc3 a6 7. Bg5 Be7 8. Bd3 0-0 9. 0-0 b5 10. a3 Bb7 11. Re1 Nbd7 12. e5 dxe5 13. dxe5 Nd5 14. Bxe7 Qxe7 15. Ne4 h6 16. Nd6 Nxe5 17. Nxb7 Nxd3 18. Qxd3 Qxb7 19. Ne5 Rad8 20. Qg3 Nf6 21. Re3 Rd5 22. Rae1 Qb8 23. Qh4 Qd8 24. Nc6 Qd6 25. Ne5 Rd8 26. Ng4 Nxg4 27. Qxg4 Rg5 28. Qe2 Qd5 29. f4 Rf5 30. g3 Qd2 31. Kf2 Rfd5 32. Kf3 Kf8 33. Qxd2 Rxd2 34. R1e2 R8d5 35. g4 g6 36. h4 Rd1 37. Rh2 R5d4 38. Rc3 Rf1+ 39. Ke3 Rfxf4 40. Rc6 Rfe4+ 41. Kf3 Rf4+ 42. Ke3 a5 43. Rc5 b4 44. Rxa5 bxa3 45. bxa3 Rxg4 46. h5 g5 47. Rb2 Ra4 48. Rc5 Rxa3+ 49. Kf2 Rh4 0-1